01273 2200397 4500001002100000005001500021035002000036007000300056008004100059020002200100082001500122084001500137245014100152250002000293250002100313300003400334650003200368700003000400504002900430710003300459710002700492264003400519264003400553336002100587337003000608338002300638040002200661090002200683090002200705850001200727999002200739999002200761546004800783990002200831990002200853INLIS00000000087026120250603115237 a0010-0522000494ta220525s2020 yoi g | jpn d a978-623-7345-20-604223a495.68 a495.68 CAN00aCandu ngomong Jepang :blatihan mandiri percakapan bahasa Jepang sehari-hari /cKlub Bahasa Panda; penyunting, Desi Sugiarti, Tim Libas! aCetakan I, 2020 aCetakan vi, 2025 a202 halaman :btabel ;c19 cm 4aBahasa Jepang--xPercakapan0 aDesi SugiartiePenyunting aBibliografi: halaman 201 aKlub Bahasa PandaePengarang aTim Libas!ePenyunting31aBantul :bDamigo Books,c202031aBantul :bDamigo Books,c2025 2rdacontentateks 2rdamediaatanpa perantara 2rdacarrieravolume aYOPDYOGbinderda aCB-D.11 2020-3609 aCB-D.11 2025-0025 aYOPDYOG aCB-D.11/2020-3609 aCB-D.11/2025-0025 aTerdapat bahasa Indonesia dan bahasa Jepang aCB-D.11/2020-3609 aCB-D.11/2025-0025